[Event "Ekaterinburg Rapid op"]
[Site "Ekaterinburg"]
[Date "2023.08.12"]
[Round "10"]
[White "Potapov, Pavel"]
[Black "Erokhin, Artem"]
[Result "1-0"]
[WhiteElo "2464"]
[BlackElo "1818"]
[PlyCount "75"]
[EventDate "2023.08.11"]
[EventType "swiss (rapid)"]
[EventRounds "11"]
[EventCountry "RUS"]
[SourceTitle "CBM 215 Extra"]
[Source "ChessBase"]
[SourceDate "2023.09.30"]
[SourceVersion "1"]
[SourceVersionDate "2023.09.30"]
[SourceQuality "1"]

1. e4 c5 2. c3 d5 3. exd5 Qxd5 4. d4 Nf6 5. Nf3 e6 6. Bd3 Be7 7. 0-0 0-0 8. Be3 Rd8 9. Qe2 b6 10. Rd1 Qh5 11. dxc5 bxc5 12. Na3 Bb7 13. Nc4 Nc6 14. Nfe5 Qxe2 15. Bxe2 Nxe5 16. Nxe5 Nd5 17. Bf3 f6 18. Nc4 Nxe3 19. fxe3 Bxf3 20. gxf3 Kf7 21. Kf2 Rab8 22. e4 Rbc8 23. Ke2 Rb8 24. a4 Rbc8 25. h3 g5 26. a5 h5 27. Rab1 Rb8 28. Ke3 e5 29. Ke2 Ke6 30. Rxd8 Rxd8 31. Ne3 Rb8 32. Nd5 c4 33. Ne3 Bd8 34. Nxc4 Rb5 35. b4 Rb8 36. b5 Rc8 37. Kd3 Bc7 38. b6 1-0

[Event "Ekaterinburg Rapid op"]
[Site "Ekaterinburg"]
[Date "2023.08.11"]
[Round "1"]
[White "Potapov, Pavel"]
[Black "Kalmachevskikh, Lyubov"]
[Result "1-0"]
[WhiteElo "2464"]
[BlackElo "1347"]
[PlyCount "53"]
[EventDate "2023.08.11"]
[EventType "swiss (rapid)"]
[EventRounds "11"]
[EventCountry "RUS"]
[SourceTitle "CBM 215 Extra"]
[Source "ChessBase"]
[SourceDate "2023.09.30"]
[SourceVersion "1"]
[SourceVersionDate "2023.09.30"]
[SourceQuality "1"]

1. e4 c5 2. c3 d5 3. exd5 Qxd5 4. d4 cxd4 5. cxd4 Nc6 6. Nf3 e6 7. Nc3 Bb4 8. a3 Bxc3+ 9. bxc3 Nf6 10. c4 Qd8 11. Be3 b6 12. Bd3 Bb7 13. 0-0 0-0 14. Qe2 Qe7 15. Rfd1 Rfd8 16. Bg5 h6 17. Bh4 Rac8 18. Qe3 Rc7 19. Rac1 Kh8 20. Bb1 Na5 21. Ne5 Rdc8 22. c5 bxc5 23. dxc5 Bd5 24. Ng4 Nxg4 25. Qd3 Nf6 26. Bxf6 Qxf6 27. Qh7# 1-0

[Event "Zudov Memorial"]
[Site "Nizhnij Tagil"]
[Date "2023.07.30"]
[Round "11"]
[White "Potapov, Pavel"]
[Black "Kharitonov, Egor1111"]
[Result "1-0"]
[WhiteElo "2464"]
[BlackElo "2100"]
[PlyCount "75"]
[EventDate "2023.07.29"]
[EventType "swiss (rapid)"]
[EventRounds "11"]
[EventCountry "RUS"]
[SourceTitle "CBM 215 Extra"]
[Source "ChessBase"]
[SourceDate "2023.09.30"]
[SourceVersion "1"]
[SourceVersionDate "2023.09.30"]
[SourceQuality "1"]

1. e4 c5 2. c3 Nf6 3. e5 Nd5 4. Nf3 e6 5. d4 cxd4 6. cxd4 d6 7. Bc4 Nb6 8. Bd3 Bd7 9. Nc3 Bc6 10. 0-0 N8d7 11. Qe2 Be7 12. Rd1 Nd5 13. Nxd5 Bxd5 14. Bf4 dxe5 15. Nxe5 0-0 16. Rac1 Nf6 17. Bb1 Rc8 18. Rc3 Qa5 19. Rg3 g6 20. Bd2 Qb6 21. Bg5 Rfd8 22. h4 Qa6 23. Bd3 Qxa2 24. Ng4 Kg7 25. Qe5 Qb3 26. Bxf6+ Kf8 27. Bxe7+ Kxe7 28. Re1 Qxb2 29. Qf6+ Kd6 30. Qf4+ Ke7 31. Rge3 f5 32. Ne5 Rf8 33. Qh6 Qxd4 34. Qxh7+ Kd6 35. Qd7+ Kc5 36. Qe7+ Kb6 37. Rb1+ Ka5 38. Qa3+ 1-0

[Event "Zudov Memorial"]
[Site "Nizhnij Tagil"]
[Date "2023.07.30"]
[Round "7"]
[White "Potapov, Pavel"]
[Black "Kuzmin, Roman"]
[Result "1/2-1/2"]
[WhiteElo "2464"]
[BlackElo "2172"]
[PlyCount "29"]
[EventDate "2023.07.29"]
[EventType "swiss (rapid)"]
[EventRounds "11"]
[EventCountry "RUS"]
[SourceTitle "CBM 215 Extra"]
[Source "ChessBase"]
[SourceDate "2023.09.30"]
[SourceVersion "1"]
[SourceVersionDate "2023.09.30"]
[SourceQuality "1"]

1. e4 d5 2. exd5 Qxd5 3. Nc3 Qd6 4. Nf3 Nf6 5. d4 a6 6. Ne5 Nc6 7. Nxc6 Qxc6 8. Be3 Bf5 9. d5 Qd6 10. Qd4 e5 11. dxe6 Bxe6 12. 0-0-0 Qxd4 13. Bxd4 0-0-0 14. Be2 Bd6 15. h3 1/2-1/2

[Event "Zudov Memorial"]
[Site "Nizhnij Tagil"]
[Date "2023.07.30"]
[Round "10"]
[White "Pridorozhni, Aleksei"]
[Black "Potapov, Pavel"]
[Result "1/2-1/2"]
[WhiteElo "2491"]
[BlackElo "2464"]
[PlyCount "251"]
[EventDate "2023.07.29"]
[EventType "swiss (rapid)"]
[EventRounds "11"]
[EventCountry "RUS"]
[SourceTitle "CBM 215 Extra"]
[Source "ChessBase"]
[SourceDate "2023.09.30"]
[SourceVersion "1"]
[SourceVersionDate "2023.09.30"]
[SourceQuality "1"]

1. e4 c5 2. d4 cxd4 3. Qxd4 Nc6 4. Qd3 g6 5. Nf3 Bg7 6. Be2 Nf6 7. 0-0 0-0 8. Nc3 d6 9. Nd5 Nd7 10. c3 Nc5 11. Qc2 f5 12. exf5 Bxf5 13. Qd1 Qd7 14. Be3 Ne4 15. Nd4 Nxd4 16. Bxd4 e5 17. Be3 Be6 18. Bf3 Nf6 19. Qd3 Nxd5 20. Bxd5 Qf7 21. Rad1 Rfd8 22. Qe4 Bxd5 23. Rxd5 a6 24. Rfd1 Bf8 25. a4 Rdc8 26. f3 Qf5 27. Qxf5 gxf5 28. f4 Re8 29. fxe5 dxe5 30. g3 Kf7 31. Rd7+ Re7 32. Bg5 Rxd7 33. Rxd7+ Kg6 34. Be3 b5 35. a5 b4 36. c4 b3 37. Rb7 Rc8 38. Rxb3 Rxc4 39. Rb6+ Kf7 40. Rxa6 f4 41. gxf4 exf4 42. Bf2 f3 43. Be3 Rc2 44. Rb6 Re2 45. Rb3 Bd6 46. Bf2 Ke6 47. a6 Bxh2+ 48. Kf1 Rc2 49. a7 Rc1+ 50. Be1 Rc8 51. Rxf3 Bd6 52. Bf2 h5 53. Rh3 Kd7 54. Rd3 Ke6 55. Kg2 Ra8 56. Kh3 Be7 57. Bb6 h4 58. Rd4 Bf6 59. Rd2 Be7 60. b3 Bf6 61. Bc5 Be5 62. b4 Bc3 63. Rd6+ Ke5 64. b5 Rxa7 65. Rd3 Rb7 66. Rxc3 Rxb5 67. Kxh4 Kf4 68. Be3+ Ke4 69. Kg4 Rb8 70. Bg5 Rb4 71. Re3+ Kd5+ 72. Kf5 Rb5 73. Re1 Kd6+ 74. Kg4 Kd5 75. Bf6 Kd6 76. Kf4 Kd5 77. Kf5 Rb3 78. Rd1+ Kc6 79. Ke6 Rb7 80. Rc1+ Kb5 81. Be7 Kb6 82. Bc5+ Kb5 83. Kd5 Rd7+ 84. Bd6 Rb7 85. Rc2 Kb6 86. Bc5+ Kb5 87. Ra2 Rd7+ 88. Bd6 Rb7 89. Ra8 Kb6 90. Kc4 Kc6 91. Bc5 Rb1 92. Ra6+ Kb7 93. Rh6 Rd1 94. Bd4 Kc7 95. Kd5 Kd7 96. Rh7+ Kd8 97. Ke5 Kc8 98. Ke4 Kd8 99. Kd5 Rd2 100. Kc5 Ke8 101. Ra7 Rd1 102. Kc4 Kd8 103. Bf6+ Ke8 104. Re7+ Kf8 105. Rh7 Ke8 106. Bd4 Kd8 107. Rh4 Ke7 108. Kd5 Kd7 109. Rg4 Ke7 110. Rg7+ Kd8 111. Rg3 Kd7 112. Rh3 Kd8 113. Rh7 Rd2 114. Rh1 Kd7 115. Ra1 Kd8 116. Ra3 Rd1 117. Ke5 Kd7 118. Bf2 Rd2 119. Rf3 Kc6 120. Rf8 Kd7 121. Be3 Rd1 122. Ra8 Kc6 123. Ra2 Re1 124. Rc2+ Kd7 125. Rc3 Rd1 126. Bf4 1/2-1/2

[Event "Zudov Memorial"]
[Site "Nizhnij Tagil"]
[Date "2023.07.29"]
[Round "5"]
[White "Potapov, Pavel"]
[Black "Rezvy, Lev"]
[Result "1/2-1/2"]
[WhiteElo "2464"]
[BlackElo "2104"]
[PlyCount "55"]
[EventDate "2023.07.29"]
[EventType "swiss (rapid)"]
[EventRounds "11"]
[EventCountry "RUS"]
[SourceTitle "CBM 215 Extra"]
[Source "ChessBase"]
[SourceDate "2023.09.30"]
[SourceVersion "1"]
[SourceVersionDate "2023.09.30"]
[SourceQuality "1"]

1. f4 d5 2. Nf3 Nf6 3. g3 g6 4. Bg2 Bg7 5. d3 b6 6. 0-0 0-0 7. c3 Bb7 8. Na3 c5 9. Nc2 Nc6 10. h3 Qc7 11. Qe1 e5 12. fxe5 Nxe5 13. Nxe5 Qxe5 14. Bf4 Qe6 15. g4 Rfe8 16. e3 Ba6 17. Qd2 Rac8 18. Rae1 Nd7 19. e4 d4 20. c4 Ne5 21. b3 b5 22. Bxe5 Bxe5 23. cxb5 Bxb5 24. Na3 Ba6 25. Rc1 Bd6 26. Nc4 Bxc4 27. Rxc4 Qe5 28. Rf3 1/2-1/2

[Event "RUS-chT2"]
[Site "Sochi"]
[Date "2022.05.10"]
[Round "9.2"]
[White "Kezin, Roman"]
[Black "Potapov, Pavel"]
[Result "1-0"]
[WhiteElo "2510"]
[BlackElo "2481"]
[PlyCount "83"]
[EventDate "2022.05.01"]
[EventType "team-swiss"]
[EventRounds "9"]
[EventCountry "RUS"]
[SourceTitle "CBM 208 Extra"]
[Source "ChessBase"]
[SourceDate "2022.07.31"]
[SourceVersion "1"]
[SourceVersionDate "2022.07.31"]
[SourceQuality "1"]
[WhiteTeam "Novosibirsk Region"]
[BlackTeam "Qmal QNAO"]
[WhiteTeamCountry "RUS"]
[BlackTeamCountry "RUS"]

1. d4 Nf6 2. c4 e6 3. Nf3 d5 4. Nc3 Be7 5. g3 0-0 6. Bg2 dxc4 7. Ne5 Nc6 8. Bxc6 bxc6 9. Nxc6 Qe8 10. Nxe7+ Qxe7 11. Qa4 Bb7 12. 0-0 c5 13. Qa3 Qd7 14. Qxc5 e5 15. d5 Rfc8 16. Qa5 Bxd5 17. f3 Qe6 18. Bg5 Bb7 19. Rad1 e4 20. Bxf6 Qxf6 21. fxe4 Qe7 22. Qf5 Rd8 23. Nd5 Bxd5 24. exd5 f6 25. e4 Rab8 26. Rf2 Re8 27. d6 Qf7 28. d7 Red8 29. e5 Rb6 30. exf6 Rxf6 31. Qa5 Rxd7 32. Qd8+ Rxd8 33. Rxd8+ Qf8 34. Rxf8+ Kxf8 35. Rxf6+ gxf6 36. Kf2 Ke7 37. Ke3 Ke6 38. Kd4 Kf5 39. Kxc4 Kg4 40. b4 Kh3 41. b5 Kxh2 42. a4 1-0

[Event "RUS-ch Rapid"]
[Site "Sochi"]
[Date "2021.10.13"]
[Round "7"]
[White "Gitelson, Arkady"]
[Black "Potapov, Pavel"]
[Result "0-1"]
[WhiteElo "2188"]
[BlackElo "2481"]
[PlyCount "50"]
[EventDate "2021.10.12"]
[EventType "swiss (rapid)"]
[EventRounds "11"]
[EventCountry "RUS"]
[SourceTitle "CBM 204 Extra"]
[Source "ChessBase"]
[SourceDate "2021.11.30"]
[SourceVersion "1"]
[SourceVersionDate "2021.11.30"]
[SourceQuality "1"]

1. e4 c5 2. b3 Nc6 3. Bb2 d6 4. Bb5 Bd7 5. f4 a6 6. Bxc6 Bxc6 7. d3 Nf6 8. Nf3 e6 9. 0-0 Be7 10. Nbd2 Qc7 11. Qe1 0-0-0 12. Nc4 b5 13. Na5 Ba8 14. a3 d5 15. e5 Nd7 16. c4 bxc4 17. bxc4 d4 18. Rb1 h6 19. Bc1 g5 20. fxg5 hxg5 21. Bxg5 Bxg5 22. Nxg5 Rdg8 23. h4 Qxe5 24. Rxf7 Rxg5 25. hxg5 Qh2+ 0-1

[Event "RUS-ch Rapid"]
[Site "Sochi"]
[Date "2021.10.13"]
[Round "9"]
[White "Nazaretyan, Tigran"]
[Black "Potapov, Pavel"]
[Result "1/2-1/2"]
[WhiteElo "2316"]
[BlackElo "2481"]
[PlyCount "104"]
[EventDate "2021.10.12"]
[EventType "swiss (rapid)"]
[EventRounds "11"]
[EventCountry "RUS"]
[SourceTitle "CBM 204 Extra"]
[Source "ChessBase"]
[SourceDate "2021.11.30"]
[SourceVersion "1"]
[SourceVersionDate "2021.11.30"]
[SourceQuality "1"]

1. d4 f5 2. Nf3 Nf6 3. g3 g6 4. Bg2 Bg7 5. 0-0 0-0 6. c3 e6 7. a4 Nc6 8. Nbd2 d6 9. b4 a6 10. Ba3 Qe7 11. Qc2 Bd7 12. b5 Nd8 13. c4 Nf7 14. e4 fxe4 15. Nxe4 Nxe4 16. Qxe4 Rab8 17. Rfe1 Ng5 18. Nxg5 Qxg5 19. Rad1 axb5 20. axb5 b6 21. f4 Qf6 22. Bb2 Qf5 23. Qxf5 gxf5 24. Ra1 Kf7 25. Ra7 Rfc8 26. Kf2 Bf6 27. Bf3 Kg6 28. Ke3 d5 29. Kd3 Ra8 30. Rea1 Rxa7 31. Rxa7 Be7 32. Kc3 Bd6 33. Bc1 h5 34. Be3 dxc4 35. Kxc4 Rh8 36. Bd2 h4 37. Bb4 hxg3 38. hxg3 Be8 39. Ra8 Kg7 40. Bc3 Kf7 41. d5 Rh3 42. dxe6+ Ke7 43. Be1 Rh2 44. Bd5 Rc2+ 45. Bc3 Bxb5+ 46. Kb3 Re2 47. Rg8 c6 48. Rg7+ Ke8 49. Rg8+ Ke7 50. Rg7+ Ke8 51. Rg8+ Ke7 52. Rg7+ Kf8 1/2-1/2

[Event "RUS-chT 27th"]
[Site "Sochi"]
[Date "2020.11.27"]
[Round "8.6"]
[White "Linker, Mikhail"]
[Black "Potapov, Pavel"]
[Result "1/2-1/2"]
[WhiteElo "2269"]
[BlackElo "2482"]
[PlyCount "106"]
[EventDate "2020.11.19"]
[EventType "team-tourn"]
[EventRounds "9"]
[EventCountry "RUS"]
[SourceTitle "CBM 199"]
[Source "ChessBase"]
[SourceDate "2020.12.31"]
[SourceVersion "1"]
[SourceVersionDate "2020.12.31"]
[SourceQuality "1"]
[WhiteTeam "Krym Kimmeriya"]
[BlackTeam "Achimgaz QNAO"]
[WhiteTeamCountry "RUS"]
[BlackTeamCountry "RUS"]

1. e4 e5 2. Nf3 Nc6 3. Nc3 Nf6 4. d4 exd4 5. Nxd4 Bb4 6. Nxc6 bxc6 7. Bd3 d5 8. exd5 cxd5 9. 0-0 0-0 10. Bg5 c6 11. Qf3 Be7 12. h3 h6 13. Bh4 Be6 14. Rad1 Rb8 15. b3 Rb4 16. Bg3 Bd6 17. Rfe1 Bxg3 18. Qxg3 Qa5 19. a3 Rbb8 20. b4 Qd8 21. Na4 Nd7 22. Qd6 Rc8 23. Rxe6 fxe6 24. Qxe6+ Kh8 25. Bf5 Qg5 26. Qxd7 Qxf5 27. Qxf5 Rxf5 28. Nc5 Re8 29. Nb3 Rf6 30. Kf1 g5 31. Nd4 Kh7 32. Rd3 a5 33. f3 axb4 34. axb4 Rb8 35. c3 Rc8 36. Nb3 Re6 37. Kf2 Ra8 38. Rd2 Ra3 39. Nd4 Rf6 40. Rc2 Kg6 41. Ke3 Ra1 42. Re2 h5 43. Kd3 h4 44. Nb3 Ra3 45. Nd4 Ra1 46. Nb3 Ra8 47. Nd4 Ra3 48. Ne6 Kf5 49. Ng7+ Kg6 50. Ne6 Kf5 51. Nd4+ Kg6 52. Re7 Ra2 53. Rc7 Rxg2 1/2-1/2

[Event "Wch Blitz"]
[Site "Moscow"]
[Date "2019.12.30"]
[Round "13"]
[White "Perunovic, Milos"]
[Black "Potapov, Pavel"]
[Result "1/2-1/2"]
[WhiteElo "2589"]
[BlackElo "2482"]
[PlyCount "60"]
[EventDate "2019.12.29"]
[EventType "swiss (blitz)"]
[EventRounds "21"]
[EventCountry "RUS"]
[SourceTitle "CBM 193 Extra"]
[Source "ChessBase"]
[SourceDate "2020.01.31"]
[SourceVersion "1"]
[SourceVersionDate "2020.01.31"]
[SourceQuality "1"]

1. e4 c5 2. Nc3 Nc6 3. Bb5 Nd4 4. Nf3 a6 5. Bc4 e6 6. Nxd4 cxd4 7. Ne2 b5 8. Bb3 Qb6 9. 0-0 Bb7 10. d3 Nf6 11. Kh1 Be7 12. f4 d6 13. f5 e5 14. Qe1 d5 15. Ng3 dxe4 16. Nxe4 Qc6 17. Qg3 Nxe4 18. dxe4 Bf6 19. Re1 0-0 20. Bd2 a5 21. a4 b4 22. Qf3 Kh8 23. g3 Rad8 24. Rad1 Qd7 25. Bc1 Bc6 26. Bc4 Bxa4 27. b3 Bb5 28. Bd5 Bc6 29. Bc4 Bb5 30. Bd5 Bc6 1/2-1/2

[Event "Wch Blitz"]
[Site "Moscow"]
[Date "2019.12.29"]
[Round "1"]
[White "Potapov, Pavel"]
[Black "Grachev, Boris V"]
[Result "1/2-1/2"]
[WhiteElo "2482"]
[BlackElo "2614"]
[PlyCount "59"]
[EventDate "2019.12.29"]
[EventType "swiss (blitz)"]
[EventRounds "21"]
[EventCountry "RUS"]
[SourceTitle "CBM 193 Extra"]
[Source "ChessBase"]
[SourceDate "2020.01.31"]
[SourceVersion "1"]
[SourceVersionDate "2020.01.31"]
[SourceQuality "1"]

1. e4 c5 2. Nf3 e6 3. c3 d5 4. exd5 exd5 5. d4 a6 6. Bd3 c4 7. Bc2 Bd6 8. 0-0 Ne7 9. Ne5 0-0 10. Qh5 g6 11. Qf3 Bxe5 12. dxe5 Bf5 13. Bxf5 Nxf5 14. Rd1 Nc6 15. Rxd5 Qe7 16. Bf4 Rad8 17. Na3 b5 18. Rxd8 Nxd8 19. Nc2 Ne6 20. Nb4 Rd8 21. Nc6 Qd7 22. Nxd8 Qxd8 23. Rd1 Qh4 24. g3 Qh3 25. Qg2 Nxf4 26. gxf4 Qh5 27. Rd8+ Kg7 28. Qg5 Qe2 29. Qf6+ Kh6 30. Qg5+ 1/2-1/2

[Event "Wch Rapid"]
[Site "Moscow"]
[Date "2019.12.27"]
[Round "8"]
[White "Potapov, Pavel"]
[Black "Antipov, Mikhail Al"]
[Result "0-1"]
[WhiteElo "2482"]
[BlackElo "2549"]
[PlyCount "70"]
[EventDate "2019.12.26"]
[EventType "swiss (rapid)"]
[EventRounds "15"]
[EventCountry "RUS"]
[SourceTitle "CBM 193 Extra"]
[Source "ChessBase"]
[SourceDate "2020.01.31"]
[SourceVersion "1"]
[SourceVersionDate "2020.01.31"]
[SourceQuality "1"]

1. e4 e5 2. Nf3 Nc6 3. Nc3 Nf6 4. d4 exd4 5. Nxd4 Bb4 6. Nxc6 bxc6 7. Bd3 d5 8. exd5 cxd5 9. 0-0 0-0 10. Bg5 c6 11. Qf3 Be7 12. h3 h6 13. Bf4 Nd7 14. Bf5 Bf6 15. Rfe1 Nc5 16. Bxc8 Rxc8 17. Be5 Bxe5 18. Rxe5 Ne6 19. Rae1 Qa5 20. b3 Qa3 21. Qd3 Rcd8 22. g3 Qb4 23. Na4 Ng5 24. c3 Qd6 25. h4 Ne4 26. Rf5 Rde8 27. Rd1 Qe6 28. Rf3 g5 29. hxg5 hxg5 30. c4 Kg7 31. cxd5 Qh3 32. Qf1 Qh5 33. Rfd3 Rh8 34. Qg2 Nxf2 35. g4 Qh4 0-1

[Event "Wch Rapid"]
[Site "Moscow"]
[Date "2019.12.27"]
[Round "10"]
[White "Potapov, Pavel"]
[Black "Indjic, Aleksandar"]
[Result "0-1"]
[WhiteElo "2482"]
[BlackElo "2619"]
[PlyCount "174"]
[EventDate "2019.12.26"]
[EventType "swiss (rapid)"]
[EventRounds "15"]
[EventCountry "RUS"]
[SourceTitle "CBM 193 Extra"]
[Source "ChessBase"]
[SourceDate "2020.01.31"]
[SourceVersion "1"]
[SourceVersionDate "2020.01.31"]
[SourceQuality "1"]

1. e4 e5 2. Nf3 Nc6 3. Nc3 Nf6 4. d4 exd4 5. Nxd4 Bb4 6. Nxc6 bxc6 7. Bd3 d5 8. exd5 0-0 9. 0-0 Bg4 10. Be2 Bxe2 11. Nxe2 cxd5 12. Bf4 Bd6 13. Bxd6 Qxd6 14. Ng3 c5 15. Qd3 g6 16. Rfe1 a5 17. Rad1 Qb6 18. b3 a4 19. h4 Qb4 20. h5 Qh4 21. Qf3 Ra6 22. Re5 Ng4 23. Re2 Rf6 24. Qd3 Qh2+ 25. Kf1 gxh5 26. Ke1 d4 27. Ne4 Re6 28. Qg3 Qxg3 29. Nxg3 Rfe8 30. bxa4 h4 31. Rxe6 Rxe6+ 32. Ne2 Ne5 33. Kf1 Ra6 34. Nc1 Rxa4 35. c3 dxc3 36. Rd5 f6 37. Rxc5 Ra3 38. Ne2 Rxa2 39. Rxc3 Kg7 40. Nf4 Ra4 41. Nd3 Ng4 42. Ke2 h5 43. Kf3 Nh2+ 44. Ke3 Ng4+ 45. Kf3 Kh6 46. Rb3 Rd4 47. Ke2 Re4+ 48. Kd2 Re8 49. f3 Ne3 50. Nf4 Nf1+ 51. Kd1 Re5 52. Rb8 Kg5 53. Nd3 Re7 54. Rb5+ f5 55. Rb8 h3 56. gxh3 Kh4 57. Rg8 Ne3+ 58. Kd2 Nc4+ 59. Kc3 Ne5 60. Nf4 Rc7+ 61. Kd4 Nxf3+ 62. Ke3 Rc3+ 63. Kf2 Ne5 64. Kg2 Rc2+ 65. Kh1 Rf2 66. Re8 Rxf4 67. Rxe5 Kxh3 68. Re3+ Kg4 69. Kg2 Ra4 70. Rg3+ Kf4 71. Rf3+ Ke4 72. Rh3 f4 73. Rxh5 Ra2+ 74. Kh3 Ke3 75. Re5+ Kf2 76. Rb5 f3 77. Rb1 Re2 78. Rb3 Rd2 79. Kg4 Rd4+ 80. Kh3 Re4 81. Rb2+ Re2 82. Rb3 Re3 83. Rb2+ Ke1 84. Rb1+ Kf2 85. Ra1 Rd3 86. Ra2+ Ke1 87. Kg3 f2+ 0-1

[Event "Wch Rapid"]
[Site "Moscow"]
[Date "2019.12.26"]
[Round "5"]
[White "Gareyev, Timur"]
[Black "Potapov, Pavel"]
[Result "0-1"]
[WhiteElo "2598"]
[BlackElo "2482"]
[PlyCount "60"]
[EventDate "2019.12.26"]
[EventType "swiss (rapid)"]
[EventRounds "15"]
[EventCountry "RUS"]
[SourceTitle "CBM 193 Extra"]
[Source "ChessBase"]
[SourceDate "2020.01.31"]
[SourceVersion "1"]
[SourceVersionDate "2020.01.31"]
[SourceQuality "1"]

1. Nf3 f5 2. d3 Nc6 3. e4 e5 4. exf5 d5 5. Qe2 Bxf5 6. Nxe5 Nd4 7. Qd1 Bd6 8. Nf3 Qe7+ 9. Be3 c5 10. c3 Nxf3+ 11. Qxf3 Qe6 12. Qe2 Ne7 13. Nd2 0-0 14. Nf3 Rae8 15. d4 c4 16. Qd2 Ng6 17. g3 Bg4 18. Ng5 Qf5 19. h3 Bxg3 20. fxg3 Qxg5 21. Be2 Rxe3 22. hxg4 Qe7 23. Rh2 Re8 24. Rg2 h6 25. Kf1 Qd6 26. Qe1 Nf8 27. g5 Nh7 28. gxh6 Qxh6 29. Kg1 Ng5 30. Rh2 Qxh2+ 0-1

[Event "Wch Rapid"]
[Site "Moscow"]
[Date "2019.12.26"]
[Round "4"]
[White "Potapov, Pavel"]
[Black "Romanov, Evgeny"]
[Result "1/2-1/2"]
[WhiteElo "2482"]
[BlackElo "2604"]
[PlyCount "80"]
[EventDate "2019.12.26"]
[EventType "swiss (rapid)"]
[EventRounds "15"]
[EventCountry "RUS"]
[SourceTitle "CBM 193 Extra"]
[Source "ChessBase"]
[SourceDate "2020.01.31"]
[SourceVersion "1"]
[SourceVersionDate "2020.01.31"]
[SourceQuality "1"]

1. e4 c5 2. c3 d5 3. exd5 Qxd5 4. d4 Nf6 5. Nf3 e6 6. Be3 Nbd7 7. Bd3 Be7 8. 0-0 0-0 9. c4 Qd6 10. Nc3 b6 11. Qe2 Bb7 12. Rad1 Qc7 13. h3 Rad8 14. Rfe1 Rfe8 15. Nb5 Qb8 16. Bb1 a6 17. Nc3 Qa8 18. dxc5 bxc5 19. b3 Bf8 20. Rd2 e5 21. Red1 e4 22. Nh2 Ne5 23. Bg5 Rxd2 24. Rxd2 e3 25. fxe3 Ne4 26. Nxe4 Bxe4 27. Bxe4 Qxe4 28. Nf3 Ng6 29. Qd3 h6 30. Bd8 Qxe3+ 31. Qxe3 Rxe3 32. Kf2 Re6 33. Bc7 Be7 34. g4 Rc6 35. Bg3 a5 36. Ne5 Rf6+ 37. Kg2 Nxe5 38. Bxe5 Re6 39. Bf4 a4 40. Kf3 axb3 1/2-1/2

[Event "Wch Rapid"]
[Site "Moscow"]
[Date "2019.12.26"]
[Round "1"]
[White "Shirov, Alexei"]
[Black "Potapov, Pavel"]
[Result "1-0"]
[WhiteElo "2684"]
[BlackElo "2482"]
[PlyCount "99"]
[EventDate "2019.12.26"]
[EventType "swiss (rapid)"]
[EventRounds "15"]
[EventCountry "RUS"]
[SourceTitle "CBM 193 Extra"]
[Source "ChessBase"]
[SourceDate "2020.01.31"]
[SourceVersion "1"]
[SourceVersionDate "2020.01.31"]
[SourceQuality "1"]

1. e4 c5 2. Nf3 Nc6 3. d4 cxd4 4. Nxd4 e5 5. Nb5 d6 6. N1c3 a6 7. Na3 Be7 8. Be3 Nf6 9. Nc4 Be6 10. Nb6 Rb8 11. Be2 0-0 12. 0-0 Nd7 13. Ncd5 Bxd5 14. Nxd7 Qxd7 15. Qxd5 Rbc8 16. c3 Qe6 17. Bc4 Qxd5 18. Bxd5 h6 19. g3 Kh7 20. Rad1 g6 21. f4 exf4 22. gxf4 Kg7 23. Kf2 Rce8 24. Rg1 f5 25. exf5 Rxf5 26. Be4 Bh4+ 27. Kf3 Ne5+ 28. Kg2 Ng4 29. Bd4+ Kf7 30. Bxf5 gxf5 31. Rd2 Bf6 32. h3 Bxd4 33. Rxd4 Nf6 34. Kf3 d5 35. Rdd1 b5 36. Rge1 Re4 37. Rxe4 dxe4+ 38. Kf2 Ke6 39. Rd8 Nd5 40. Re8+ Kf6 41. Kg3 h5 42. h4 a5 43. Rb8 b4 44. Rb5 Ke6 45. c4 Ne3 46. b3 Nc2 47. Re5+ Kf6 48. Rxa5 Nd4 49. Ra6+ Kf7 50. Kf2 1-0

[Event "EU-ch blitz"]
[Site "Tallinn"]
[Date "2019.12.07"]
[Round "4"]
[White "Muter, Donny"]
[Black "Potapov, Pavel"]
[Result "0-1"]
[WhiteElo "2169"]
[BlackElo "2464"]
[PlyCount "80"]
[EventDate "2019.12.07"]
[EventType "swiss (blitz)"]
[EventRounds "22"]
[EventCountry "EST"]
[SourceTitle "CBM 193 Extra"]
[Source "ChessBase"]
[SourceDate "2020.01.31"]
[SourceVersion "1"]
[SourceVersionDate "2020.01.31"]
[SourceQuality "1"]

1. d4 f5 2. Bg5 g6 3. Nd2 Bg7 4. e4 fxe4 5. Nxe4 d5 6. Ng3 Nh6 7. Bxh6 Bxh6 8. h4 Nc6 9. h5 Qd6 10. c3 Be6 11. Bd3 Bf7 12. Nf3 0-0-0 13. Qe2 Rde8 14. Ne5 Nxe5 15. dxe5 Qb6 16. a4 Bf4 17. a5 Qe6 18. a6 b6 19. Kd1 Qxe5 20. Qf3 Bxg3 21. fxg3 Rhf8 22. Re1 Qxh5 23. g4 Qg5 24. Kc2 Be6 25. Qe2 Bxg4 26. Qe5 Qxe5 27. Rxe5 c6 28. Rae1 Rf2+ 29. Kb3 Kd7 30. c4 Rxg2 31. cxd5 Rg3 32. dxc6+ Kxc6 33. Kc2 Kd6 34. Bb5 Bf5+ 35. Kd2 Rg2+ 36. Kd1 Rc8 37. R5e3 Bg4+ 38. Be2 Bxe2+ 39. R1xe2 Rxe2 40. Rxe2 Rc5 0-1

[Event "EU-ch blitz"]
[Site "Tallinn"]
[Date "2019.12.07"]
[Round "8"]
[White "Shishkov, Andrei"]
[Black "Potapov, Pavel"]
[Result "1/2-1/2"]
[WhiteElo "2297"]
[BlackElo "2464"]
[PlyCount "80"]
[EventDate "2019.12.07"]
[EventType "swiss (blitz)"]
[EventRounds "22"]
[EventCountry "EST"]
[SourceTitle "CBM 193 Extra"]
[Source "ChessBase"]
[SourceDate "2020.01.31"]
[SourceVersion "1"]
[SourceVersionDate "2020.01.31"]
[SourceQuality "1"]

1. d4 f5 2. g3 Nf6 3. Bg2 g6 4. c4 Bg7 5. Nh3 d6 6. Nc3 c6 7. d5 0-0 8. 0-0 e5 9. dxe6 Bxe6 10. Qb3 Qc7 11. Ng5 Bf7 12. Nxf7 Rxf7 13. Rd1 Nbd7 14. Bf4 Ne5 15. h3 Nh5 16. Rd2 Rd8 17. Rad1 Kh8 18. Bg5 Rdd7 19. f4 Nxg3 20. fxe5 Bxe5 21. e3 Nh5 22. Bf3 d5 23. Bxh5 gxh5 24. cxd5 Rg7 25. h4 h6 26. dxc6 Rxd2 27. Rxd2 hxg5 28. cxb7 gxh4+ 29. Kh1 Qxb7+ 30. Qxb7 Rxb7 31. Rd5 Bxc3 32. bxc3 Rb1+ 33. Kh2 Rb2+ 34. Kh3 Rxa2 35. Rxf5 Rc2 36. Rxh5+ Kg7 37. Rc5 Re2 38. Kxh4 Rxe3 39. Rc7+ Kf6 40. Rxa7 Rxc3 1/2-1/2

[Event "EU-ch blitz"]
[Site "Tallinn"]
[Date "2019.12.07"]
[Round "1"]
[White "Vihmand, Ants"]
[Black "Potapov, Pavel"]
[Result "0-1"]
[WhiteElo "1959"]
[BlackElo "2464"]
[PlyCount "40"]
[EventDate "2019.12.07"]
[EventType "swiss (blitz)"]
[EventRounds "22"]
[EventCountry "EST"]
[SourceTitle "CBM 193 Extra"]
[Source "ChessBase"]
[SourceDate "2020.01.31"]
[SourceVersion "1"]
[SourceVersionDate "2020.01.31"]
[SourceQuality "1"]

1. e4 c5 2. d4 cxd4 3. c3 Nf6 4. e5 Nd5 5. Qxd4 e6 6. Nf3 Nc6 7. Qe4 f5 8. exf6 Nxf6 9. Qc2 Bc5 10. Bg5 0-0 11. Bd3 h6 12. h4 d5 13. Na3 Bxa3 14. bxa3 e5 15. 0-0-0 Qa5 16. Bxf6 Rxf6 17. Bh7+ Kh8 18. Ng5 Qxa3+ 19. Kb1 Ne7 20. Bg8 Bf5 0-1